000
00290nam a2200133Ia 4500
100
_a
Green & Tull
942
_c
BK
654
_a
Marketing
245
_a
Research For Marketing Decisions
260
_b
Prentice Hall of India
_c
2001
082
_a
658.8
300
_a
644
546
_a
ENGLISH
999
_c
30938
_d
30938